| 000 | 00676nam a22001817a 4500 | ||
|---|---|---|---|
| 999 |
_c15488 _d15488 |
||
| 003 | AR-CdUCM | ||
| 008 | 190427b ||||| |||| 00| 0 spa d | ||
| 040 |
_aMUNICIPALIDAD PROVINCIAL DEL CUSCO _cBIBLIOTECA MUNICIPAL DEL CUSCO |
||
| 082 |
_a328.8 / _bL21 / 1917 |
||
| 245 |
_aLa cuestión brea y pariñas : _bdiscursos parlamentarios / |
||
| 260 |
_aLima : _bImpr. del estado, _c1917. |
||
| 300 |
_a147 páginas ; _c21 cm. |
||
| 505 | _aContenido: Discurso del señor doctor Aurelio Sousa -- Discurso del señor Juan Durand -- Discurso del señor Don Alfredo Picaso... | ||
| 650 |
_aPetroleo _91700 |
||
| 650 |
_aPerú _935 |
||
| 942 |
_2ddc _cLIBROS |
||
| 945 |
_aacv _d2019-04-27 |
||